00730nam a2200169 a 4500008004100000050001400041100002100055245006800076246010400144260004200248350000900290650001400299650002100313995008700334999001700421952012200438120416s1968 ||||||||||||||||| || u aHC 51 Rea aFalkus, Malcom E10aReadings in the history of economiccedited by Malcom E. Falkus aa study of successful and promising beginnings, of special relevance for students in underdeveloped aLondonbOxford University Pressc1968 a0.00 0aECONOMICS 0aECONOMIC HISTORY D0.00FCBU-MAIN LIBRARY (Kitwe)H1I0.00M1UAVAILABLEZAnnex Low-Usage Collection  c55681d55681 00102lcc4070a001b001cAnnex Low-Usage Collection d2022-11-30l0oHC 51 Reap002626r2022-11-30w2022-11-30y002